Statistics for Winter Olympics - Ice Hocky

Click here to take the quiz!

General Stats

  • This quiz has been taken 87 times
    (83 since last reset)
  • The average score is 11 of 13

Answer Stats

Medals Answer % Correct
22Canada
100%
11Sweden
100%
2Germany
100%
9Soviet Union
99%
9Finland
96%
17United States
95%
3Switzerland
94%
1West Germany
87%
3Russia
82%
2Great Britain
77%
8Czechoslovakia
67%
1Unified Team
52%
3Czech Republic
49%

Score Distribution

Percentile by Number Answered

Percent of People with Each Score

Your Score History

You have not taken this quiz since the last reset